000 01244nam a22003497a 4500
003 CHAP
005 20220329140334.0
008 971013s1980 r 00010 d
010 _a50648
011 _a51620
035 _a55770
040 _cCHAP
090 _aTesis
100 0 0 _aRodríguez Franco, Carlos.
_998486
245 _aEstudio epidométrico de Pinus montezumae Lamb. mediante análisis troncales, en el Campo Experimental Forestal San Juan Tetla, Puebla
260 _aChapingo, Méx. :
_bEl autor,
_c1980
300 _a274 h.
_b; gráfs.
502 _aTesis (Ing. Agr. Esp. en Bosques) -- UACH. Departamento de Bosques
590 _aALEPH
_b10
_c20130110
_lUCH01
_h1325
590 _aBATCH-UPD
_b10
_c20130110
_lUCH01
_h0734
590 _aBATCH-UPD
_b10
_c20130410
_lUCH01
_h0417
590 _aBATCH-UPD
_b10
_c20130914
_lUCH01
_h1913
590 _aCONVERSION
_b10
_c20130109
_lUCH01
_h1327
650 1 4 _aPináceas
_xCrecimiento.
_988225
650 1 4 _aPinus montezumae.
_988352
650 1 4 _aTablas de volúmenes y rendimientos.
_9111296
901 _aBK
942 _cFOLL
949 _bBC
_cTES
_d-122195
_eTS1
_i55770
_si
949 _bBC
_cTES
_d-122196
_eTS2
_fc.2
_i55770
_si
949 _bBC
_cTES
_d-122197
_eTS2
_fc.3
_h22054
_i55770
_si
999 _c50648
_d50648